Missing Word: 'D' Songs Quiz Stats

 Plays Quiz Updated Oct 3, 2016

Challenge
Share
Tweet
Embed
Score 0/20 Timer 03:00
1 Play Today
Song Missing Word % Correct
________ Stop Believin'Don't
99.7%
Another One Bites the ________Dust
97.1%
Boulevard of Broken ________Dreams
94.8%
I Wanna ________ With SomebodyDance
93.3%
(You ________ Me) CrazyDrive
91.2%
________ Little SecretDirty
89.7%
Sugar, We're Going ________Down
86.4%
Rolling in the ________Deep
83%
________ in the MoonlightDancing
82.4%
Gold ________Digger
79.8%
Song Missing Word % Correct
________ (Looks Like a Lady)Dude
76.8%
Bad ________ Day
71.9%
_______ of EarlDuke
68.9%
________ Days are OverDog
66.8%
________ ZoneDanger
64.5%
________ of JupiterDrops
62.1%
The Witch ________Doctor
45.4%
________ Maria, Count Me InDear
40.2%
High Plains ________Drifter
34.2%
Back to ________December
28.6%

Today's Daily Dose

You're not logged in!

Compare scores with friends on all Sporcle quizzes.
Join for Free
OR
Log In

You Might Also Like...

Show Comments

Extras

Top Quizzes Today


Score Distribution

Your Account Isn't Verified!

In order to create a playlist on Sporcle, you need to verify the email address you used during registration. Go to your Sporcle Settings to finish the process.

Report this User

Report this user for behavior that violates our Community Guidelines.

Details: